000 00653nam a22002417a 4500
003 UA-OsUOA
001 98942
007 ta
008 20130422b un ||||| |||| 00| 0 ukr d
100 _aРеут Н.
700 _aСкрябин М.
090 _a821.161.1
942 _cBK
040 _aUA-OsUOA
_brus
_cUA-OsUOA
_dUA-OsUOA
245 _aЯ не мог иначе
_bповесть
300 _a381 с.
955 _a3
041 _arus
080 _a821.161.1
260 _aЛенинград
_bДетская литература
_c1971
650 7 _a82 Література. Літературознавство
_2UDC
999 _c384972
_d384972